00884 a2200205 4500003000400000005001700004008004100021020001800062040000900080082002000089100002600109245010600135250001000241260004800251300002000299942004600319952014800365952014800513999001700661OSt20230818135313.0230818b |||||||| |||| 00| 0 eng d a9789354535383 coclc a658.1511bMAH/T aMaheshwari, S N91048 aA TEXTBOOK OF ACCOUNTING FOR MANAGEMENT / cS N Maheshwari, Suneel K Maheshwari, Sharad K Maheshwari a 5ED  aNew Delhi:bVikas Publishing House, c2023. aMultipagination 2ddccBKh658.1511iMAH/Tk658.1511mMAH/T 00102ddc40708ACCOUNTINGaMESbMEScACCOUNTINGd2023-08-18l0o658.1511 MAH/Tp42117r2023-08-18 13:34:20t1v850.00w2023-08-18yBKzGL56R4 00102ddc40708ACCOUNTINGaMESbMEScACCOUNTINGd2023-08-18l0o658.1511 MAH/Tp42118r2023-08-18 13:35:02t2v850.00w2023-08-18yBKzGL56R4 c41927d41927